000 00791nam a2200253Ia 4500
003 OSt
005 20220926012315.0
006 a|||||r|||| 00| 0
007 ta
008 220923b |||||||| |||| 00| 0 eng d
020 _a9781107132979
_c9024.05
037 _b72, 30/01/2019, CLASSIC BOOKS SERVICES
_cGeneral Book
040 _aRTL
_cRTL
_beng
041 _2eng
_aeng
082 _aX:9-8, Q8
100 _aDOW Gregory K
_9316115
245 0 _aLabor-managed firm
_b Theoretical foundations
260 _aNew York
_bCambridge University Press
_c2018
300 _axvi,413p
_ccm.
500 _aBibliography chapterwise
650 _aEconomics
942 _hX:9-8, Q8
_cGB
_2CC
999 _c622466
_d622466